UM Logo
Normal view MARC view
  • Tupas, Cedelf P.

Entry Personal Name

Number of records used in: 1

001 - CONTROL NUMBER

  • control field: 46748

003 - CONTROL NUMBER IDENTIFIER

  • control field: OSt

005 - DATE AND TIME OF LATEST TRANSACTION

  • control field: 20221109135924.0

008 - FIXED-LENGTH DATA ELEMENTS

  • fixed length control field: 221109|| aca||aabn | a|a d

040 ## - CATALOGING SOURCE

  • Original cataloging agency: OSt
  • Transcribing agency: OSt

100 ## - HEADING--PERSONAL NAME

  • Personal name: Tupas, Cedelf P.

670 ## - SOURCE DATA FOUND

  • Source citation: Work cat.: (OSt): Tupas, Cedelf P., Playoff-bound Pasig still has lot to learn /, January 27, 2020.